Devinez la Capitale Mystère #62 - Statistiques

Statistiques générales
  • Ce quiz a été pris 163 fois
  • Le résultat moyen est 26 sur 33
Statistiques - réponses
Type de Réponse Réponse % Correct
Lettre Trouvée A
98%
Lettre Trouvée I
97%
Lettre Trouvée P
97%
Lettre de l'Alphabet R
97%
Lettre Trouvée E
96%
Lettre Bien Placée A
93%
Lettre de l'Alphabet O
93%
Lettre de l'Alphabet S
92%
Lettre Trouvée T
92%
Lettre de l'Alphabet L
91%
Lettre de l'Alphabet N
91%
Lettre de l'Alphabet B
90%
Lettre de l'Alphabet D
88%
Lettre de l'Alphabet M
86%
Lettre de l'Alphabet C
84%
Lettre de l'Alphabet U
83%
Lettre Bien Placée E
81%
Lettre de l'Alphabet H
80%
Lettre de l'Alphabet K
80%
Lettre de l'Alphabet G
78%
Lettre Bien Placée T
76%
Lettre de l'Alphabet W
71%
Lettre de l'Alphabet V
69%
Lettre Bien Placée I
68%
Lettre Bien Placée P
66%
Lettre de l'Alphabet X
66%
Lettre de l'Alphabet J
65%
Lettre de l'Alphabet Y
65%
Lettre Bien Placée I
64%
Lettre de l'Alphabet Z
62%
Lettre de l'Alphabet F
59%
Capitale Mystère Taipei
58%
Lettre de l'Alphabet Q
57%
Aucun quiz correspondant
Distribution des résultats
% des personnes avec chaque résultat
Percentile par nombre de réponses
Votre historique - résultats
Vous n’avez pas pris ce quiz